000 00942nam a2200265Ia 4500
003 OSt
005 20220923221535.0
006 a|||||r|||| 00| 0
007 ta
008 RAJ
024 _a197,996
037 _cTextual
040 _aARTS
_cARTS
_bRAJ
041 _2RAJ
_aRAJ
082 _aO1528,1J49,KR:g, 152K6
100 _aराठौड़, पृृथ्वी राज; दीक्षित, आनन्दप्रकाश, संपा.
_9165425
245 0 _aवेलि क्रिसन रूकमणी री
246 _aVeli krisan rūkamaṇī rī
250 _a2
260 _c1966
300 _a236पृ0
_ccm.
650 _aराजस्थानी साहित्य
942 _hO1528,1J49,KR:g, 152K6
_cTEXL
_2CC
999 _c349866
_d349866